Providence and the guitar (Record no. 147949)

MARC details
000 -LEADER
campo de control de longitud fija 00864nam a2200229 4500
001 - NÚMERO DE CONTROL
campo de control 147949
003 - IDENTIFICADOR DE NÚMERO DE CONTROL
campo de control ES-MaACL
005 - FECHA Y HORA DE LA ÚLTIMA TRANSACCIÓN
campo de control 20240516063056.0
007 - CAMPO FIJO DE DESCRIPCIÓN FÍSICA--INFORMACIÓN GENERAL
campo de control de longitud fija t|
008 - DATOS DE LONGITUD FIJA--INFORMACIÓN GENERAL
campo de control de longitud fija 070214s1961 sp r ||||1| eng d
100 0# - ENTRADA PRINCIPAL--NOMBRE DE PERSONA
Nombre de persona Stevenson, Robert Louis,
Fechas asociadas al nombre 1850-1894
9 (RLIN) 108169
245 10 - MENCIÓN DEL TÍTULO
Título Providence and the guitar
Resto del título : = La providencia y la guitarra /
Mención de responsabilidad, etc. by Robert Louis Stevenson ; [traducción del inglés de María Alfaro].
260 ## - PUBLICACIÓN, DISTRIBUCIÓN, ETC.
Lugar de publicación, distribución, etc. Madrid ;
-- México :
Nombre del editor, distribuidor, etc. Alhambra,
Fecha de publicación, distribución, etc. [1961] (
Lugar de fabricación/manufactura Avila :
Fabricante Senén Martín)
300 ## - DESCRIPCIÓN FÍSICA
Extensión 69 p. ;
Dimensiones 18 cm.
490 1# - MENCIÓN DE SERIE
Mención de serie Textos bilingües Alhambra ;
Designación de volumen o secuencia 13
500 ## - NOTA GENERAL
Nota general Texto paralelo en inglés y español.
700 1# - ENTRADA AGREGADA--NOMBRE PERSONAL
Nombre de persona Alfaro, María.
9 (RLIN) 19806
740 0# - ENTRADA AGREGADA--TÍTULO RELACIONADO/ANALÍTICO NO CONTROLADO
Título relacionado o analítico no controlado La providencia y la guitarra.
830 0# - PUNTO DE ACCESO ADICIONAL DE SERIE-TÍTULO UNIFORME
Título uniforme Textos bilingües Alhambra ;
Designación de volumen o secuencia 13
9 (RLIN) 183591
852 ## - LOCALIZACIÓN
Ubicación ES-MaACL
Número de control de estantería C-20278
Sublocalización o colección R.48621
Holdings
Estatus retirado Estado de pérdida Estado de daño No para préstamo Biblioteca de origen Biblioteca actual Ubicación en estantería Fecha de adquisición Fuente de adquisición Total de préstamos Signatura topográfica completa Código de barras Visto por última vez Precio de reemplazo Tipo de ítem Koha
        Biblioteca del Ateneo de Madrid Biblioteca del Ateneo de Madrid Galería 17/01/2008     C-20278 1154402 23/02/2023 23/02/2023 Libro impreso